000 00409nam a2200181Ia 4500
005 20250423094300.0
008 250422s9999 xx 000 0 und d
020 _a1-59995-732-9
050 _aPS3614.E44957W55
100 _aWillie Nelson
245 2 _aA Tale Out Of Luck
260 _aNew York
260 _bCenter Street
260 _c2008
300 _a251 p
650 _aLiterature
942 _cBK
999 _c26799
_d26799